000 01020nam a2200265 i 4500
001 bg
245 0 0 _aWymiana ciepła i odnawialne źródła energii :
_bV Międzynarodowe Sympozjum : referaty /
_c[kol. red. Władysław Nowak et al.] ; Politechnika Szczecińska. Katedra Techniki Cieplnej.
260 _aSzczecin :
_bWydaw. Uczelniane PS,
_c1994.
300 _a336 s. :
_b1 fot., rys., wykr. ;
_c24 cm.
500 _aTyt. wyd. w jęz. niem. : [Wärmeaustausch und regenerative Energiequellen]. - Tekst częśc. ros., częśc. tł. z różnych jęz.
500 _aNa prawach rps.
504 _aBibliogr., summ. przy ref.
650 9 _aEnergetyka
_xzagadnienia
650 9 _aMaszyny cieplne
650 9 _aTermodynamika techniczna
655 _aMateriały konferencyjne
700 1 _aNOWAK, Władysław.
_eRed.
020 _a8386359552
040 _cBPK
041 1 _aplru
_henfrderu
080 _a621.1.01:536](061.3)
920 _a83-86359-55-2
942 _cKS
008 s pl f |000 0 pol
999 _c31657
_d31657
856 _uhttp://koha.tu.koszalin.pl/cgi-bin/koha/opac-detail.pl?biblionumber=31657
_yKatalog online BPK